000 00310nam a2200121Ia 4500
008 191201s2012 xx 000 0 und d
100 _aPUNMIA, B.C.
245 0 _aR.C.C Designs Reinforced Concrete Structures
260 _aN. Delhi
_bLaxmi Pub
_c2012
300 _a1246
650 _aB.Tech(CE)
942 _2ddc
_cBK
999 _c6321
_d6321